[Event "II Weekend Hotel West End"]
[Site "Alassio ITA"]
[Date "2016.10.02"]
[Round "5"]
[White "Vaccaro, Franco"]
[Black "Gandolfo, Gianluca"]
[WhiteElo "1538"]
[BlackElo "1712"]
[Result "1-0"]
[PlyCount "83"]
[EventDate "2016.09.30"]

1. c4 Nf6 2. Nc3 g6 3. g3 Bg7 4. Bg2 O-O 5. d3 c6 6. e4 d6 7. h3 e5 8. Nge2 a5
9. b3 Na6 10. O-O Be6 11. f4 exf4 12. Bxf4 Nh5 13. Bd2 Qc7 14. Kh2 Rfd8 15. Rc1
Qb8 16. Nf4 Nxf4 17. Bxf4 Be5 18. Ne2 b5 19. d4 bxc4 20. d5 cxd5 21. exd5 Bd7
22. Rxc4 Bb5 23. Rc2 Ra7 24. Re1 Nc5 25. Bxe5 dxe5 26. Rxc5 Be8 27. Qc2 f6 28.
Rc1 Bd7 29. Qc3 a4 30. b4 Rb7 31. a3 Bf5 32. Qe3 Qa7 33. g4 Bd7 34. Ng3 Re8 35.
Ne4 Qb6 36. R1c3 f5 37. gxf5 Bxf5 38. Qg5 Rf8 39. Rc6 Qd4 40. Nf6+ Kh8 41. Rc7
Rf7 42. Rc8+ 1-0